| 000 | 00577nam a2200181Ia 4500 | ||
|---|---|---|---|
| 999 |
_c21807 _d21807 |
||
| 003 | OSt | ||
| 005 | 20200515095211.0 | ||
| 008 | 190216s9999||||xx |||||||||||||| ||und|| | ||
| 020 | _a9781851684038 | ||
| 040 | _coclc | ||
| 082 |
_a956.9102 _bCOB/U |
||
| 100 |
_aCobb, Paul M _92349 |
||
| 245 | 0 |
_a Usama Ibn Munqidh Warrior Poet Of The Age Of Crusades / _c Paul M Cobb |
|
| 260 |
_bOneworld Oxford, _c2009. _aEngland: |
||
| 300 | _a136p | ||
| 650 | 0 |
_aHistory & geography _92271 _vIslamic History |
|
| 942 |
_cBK _2ddc _h956.9102 _iCOB/U _k956.9102 _mCOB/U |
||